Statistiques concernant Liste des 23 - Equipe de la Belgique - Coupe du monde 2018

Cliquez ici pour prendre le quiz!

Statistiques générales

  • Ce quiz a été pris 263 fois
  • Le résultat moyen est 16 sur 23

Statistiques - réponses

Poste Numéro Joueurs % Correct
A10Eden Hazard
100%
M16Thorgan Hazard
100%
G1Thibaut Courtois
99%
A9Romelu Lukaku
98%
M7Kevin De Bruyne
91%
D15Thomas Meunier
87%
D4Vincent Kompany
85%
M6Axel Witsel
83%
G12Simon Mignolet
80%
M8Marouane Fellaini
80%
A14Dries Mertens
79%
D5Jan Vertonghen
78%
M22Nacer Chadli
68%
D2Toby Alderweireld
67%
A21Michy Batshuayi
64%
D3Thomas Vermaelen
59%
M19Moussa Dembélé
59%
M11Yannick Carrasco
56%
M17Youri Tielemans
52%
M18Adnan Januzaj
47%
D20Dedryck Boyata
43%
G13Koen Casteels
43%
M23Leander Dendoncker
33%

Distribution des résultats

Percentile par nombre de réponses

% des personnes avec chaque résultat

Votre développement - résultats

Vous n’avez pas pris ce quiz